| 000 | 01443cam a2200277 4500500 | ||
|---|---|---|---|
| 005 | 20260208005054.0 | ||
| 041 | _afre | ||
| 042 | _adc | ||
| 100 | 1 | 0 |
_aFerré-Rode, Sandrine _eauthor |
| 245 | 0 | 0 | _aA Black Voice from the “other North:” Thomas Smallwood's Canadian Narrative (1851) |
| 260 | _c2014. | ||
| 500 | _a14 | ||
| 520 | _aCet article présente un récit publié en 1851 au Canada par Thomas Smallwood, un Noir libre originaire de Washington, D.C. et intitulé Narrative of Thomas Smallwood, Coloured Man. En apparence identifiable comme appartenant au genre bien établi du « récit d’esclave », l’œuvre comporte néanmoins certains traits propres qui la distinguent : on s’intéressera, selon une approche comparative, notamment à l’autorité de l’auteur et à l’identité canadienne de son œuvre pour mieux en définir l’originalité. | ||
| 690 | _aCanada | ||
| 690 | _achemin de fer clandestin | ||
| 690 | _alittérature afro-canadienne | ||
| 690 | _aNoirs fugitifs | ||
| 690 | _arécit d'esclave | ||
| 690 | _aAfrican-Canadian literature | ||
| 690 | _aCanada | ||
| 690 | _afugitive Blacks | ||
| 690 | _aslave narrative | ||
| 690 | _aunderground railroad | ||
| 786 | 0 | _nRevue française d’études américaines | 137 | 3 | 2014-04-29 | p. 23-37 | 0397-7870 | |
| 856 | 4 | 1 | _uhttps://shs.cairn.info/revue-francaise-d-etudes-americaines-2013-3-page-23?lang=en&redirect-ssocas=7080 |
| 999 |
_c1650431 _d1650431 |
||